000 00589nam a2200193Ia 4500
005 20250507130354.0
008 008 250505s9999 xx 000 0 eng d
020 _a9780674224063
037 _aAnnuals, Advances
040 _aEASL
_beng
_cEASL
041 _aeng
_2eng
084 _aY:1.49B, M8
_qEASL
100 _aBary Wm. Theodore De Au.
_9755279
245 0 _aEast Asian civilizations:A dialogue in five stages
260 _aUK
_bLondon Harvard University Press
_c1988
300 _axi,160p.
942 _cTEXL
_hY:1.49B, M8
999 _c1319303
_d1319303